Music Quiz

Random Music or Song Quiz

4 Second Music Challenge II Quiz Stats

 Plays Quiz Updated Jun 29, 2021

     
Support Sporcle.
Go Orange.
Score 0/100 Timer 20:00
0 Plays Today
Time Song % Correct
6:08Dancing Queen
82.6%
0:32Wonderwall
81.6%
1:48You Give Love A Bad Name
80.9%
4:40Sweet Dreams (Are Made of This)
75.4%
2:04Gold Digger
73.9%
3:28Mambo No. 5 (A Little Bit Of ...)
73.1%
4:52Stayin' Alive
72.6%
3:00Blue (Da Ba Dee)
71.5%
2:16Hit The Road Jack
69.6%
0:36Tik Tok
69%
3:16Livin' La Vida Loca
68.9%
1:52Hallelujah
68.6%
2:24(I'm Gonna Be) 500 Miles
68.2%
2:36Seven Nation Army
67.7%
5:48American Pie
64%
6:28Hungry Like The Wolf
61.7%
6:00Rocket Man
61.5%
2:56Drops Of Jupiter (Tell Me)
60.3%
5:08A Thousand Miles
59.5%
5:20It Wasn't Me
53.6%
5:52Black Betty
51.9%
1:04Mr. Jones
51.7%
5:32Don't Speak
51.4%
1:20White Flag
50.4%
0:00 Walkin' On The Sun
50%
1:12Clint Eastwood
49.4%
3:12Life Is A Highway
48.7%
4:44The Reason
47.7%
5:44867-5309 (Jenny)
47.5%
2:08Horse With No Name
45.5%
0:28Blitzkrieg Bop
44.9%
1:40Fast Car
43.7%
3:24Mad World
41.9%
6:12I Touch Myself
41.8%
Time Song % Correct
0:52Careless Whisper
41.7%
2:12Joy To The World
41.1%
1:08Cars
40.8%
0:24Black Horse And The Cherry Tree
40.8%
4:20Semi Charmed Life
38.1%
3:36Grace Kelly
38%
3:08Free Bird
37.7%
0:04Baby I Love Your Way
34.4%
5:24Always Something There To Remind Me
33.3%
4:28Somebody To Love
33.2%
2:32I Don't Want to Be
32.7%
1:00Intergalactic
32%
6:32Foxy Lady
31.1%
5:04Your Body Is a Wonderland
30.7%
2:28Here It Goes Again
27.4%
4:36I Ran (So Far Away)
27.2%
2:52Swing Swing
26%
0:44Bleed It Out
25.9%
4:08The Remedy
25.5%
0:16For What It's Worth
25.1%
3:44Mother Lover
24.8%
0:48Beds are Burning
22.5%
5:36I Would Do Anything For Love (But I Won't Do That)
20.6%
4:04It's Not Over
19.4%
0:08Savin' Me
18.7%
6:04Another Day In Paradise
18.2%
3:48Ooh Aah
17.8%
5:16Love Potion No. 9
17.4%
5:40You Keep Me Hangin' On
16.8%
5:56Breakfast In America
16.1%
6:24Pictures Of You
16.1%
2:44When It's Over
14.3%
1:28Evil Woman
13.9%
3:56One Night In Bangkok
13.8%
Time Song % Correct
6:20Is She Really Going Out With Him
13.6%
5:00Tokyo Drift (Fast And Furious)
12.4%
4:56Tango: Maureen
11.7%
1:32Building A Mystery
11.7%
5:12Into The Night
10.7%
2:48Ironside
9.9%
2:20Whistle For The Choir
7.1%
3:40Prelude 12/21
5.6%
5:28My Freeze Ray
5.6%
3:20Clumsy
5.1%
4:16Falling For The First Time
4.3%
6:16Clubbed To Death
3.6%
4:32Diamonds & Guns
3.5%
4:48Money Honey
2.9%
4:24All To Myself
2.7%
2:00Crabbuckit
2.7%
3:52I Know What I Know
2.5%
1:36Brother Down
2.3%
6:36Streamline
2.2%
3:32I Hate Everyone
2.1%
0:20Stars & Boulevards
1.7%
0:40Black Black Heart
1.6%
1:44Flawed Design
1.6%
0:56Sea Of No Cares
1.5%
4:12Second Chance
1.3%
2:40If I Had A Rocket Launcher
0.8%
1:24Out Of My Head
0.7%
1:56Hands In My Pocket
0.7%
1:16Cigarette
0.5%
4:00Paris Be Mine
0.5%
3:04Late Night Conversations
0.4%
0:12Any Given Day
0.3%

From the Vault

Nintendo 64 vs. GameCube

by teddy109768

Gaming 90s
How well do you know your early video games?
Remove Ads.
Support Sporcle.
Get the best of Sporcle when you Go Orange. This ad-free experience offers more features, more stats, and more fun while also helping to support Sporcle. Thank you for becoming a member.

Show Comments

Extras

Top Quizzes Today


Score Distribution

Your Account Isn't Verified!

In order to create a playlist on Sporcle, you need to verify the email address you used during registration. Go to your Sporcle Settings to finish the process.

Report this User

Report this user for behavior that violates our Community Guidelines.

Details: